000
00316nam a2200133Ia 4500
008
240624s9999 xx 000 0 und d
041
_a
eng
082
_a
823 SHA
100
_a
SHARMA ROBIN
245
_a
DAILY INSPIRATION
260
_c
2009
_a
Mumbai
_b
Jaico Publishing House
300
_a
17 : cm.
365
_c
RS
_b
15
999
_c
14569
_d
14569